| 000 | 00596cam a2200205 4500500 | ||
|---|---|---|---|
| 005 | 20260405002906.0 | ||
| 041 | _afre | ||
| 042 | _adc | ||
| 100 | 1 | 0 |
_aPortevin, Catherine _eauthor |
| 245 | 0 | 0 | _aManifeste des espèces compagnes |
| 260 | _c2019. | ||
| 500 | _a18 | ||
| 690 | _aAgility | ||
| 690 | _aChien | ||
| 690 | _aCollaboration | ||
| 690 | _aDonna Haraway | ||
| 690 | _aSymbiose | ||
| 786 | 0 | _nPhilosophie magazine | 127 | 3 | 2019-03-01 | p. 55-55 | 1951-1787 | |
| 856 | 4 | 1 | _uhttps://shs.cairn.info/magazine-philosophie-magazine-2019-3-page-55?lang=fr&redirect-ssocas=7080 |
| 999 |
_c2062195 _d2062195 |
||